| 000 | 00612nam a22002177a 4500 | ||
|---|---|---|---|
| 005 | 20170124110014.0 | ||
| 010 | _a781497 | ||
| 020 | _c00.00 | ||
| 035 | _a781497 | ||
| 037 | _bCen Lib/Ret | ||
| 040 |
_aDPL _bEN |
||
| 082 |
_a301.45 _bGUP |
||
| 100 |
_aGupta, Badlu Ram _918392 |
||
| 245 |
_aThe Aggarwals : _cby Badlu Ram Gupta _ba socio-economic study / |
||
| 260 |
_aNew Delhi _bS. Chand _c1975 |
||
| 270 |
_aRam Nagar _bNew Delhi _e110001 |
||
| 300 |
_aviii,146p. : _c21cm(Hb) _bill |
||
| 650 |
_aBusinesspeople _918393 |
||
| 650 |
_aAgarwals _918394 |
||
| 942 |
_2ddc _cEN _h301.45 _mGUP |
||
| 999 |
_c126755 _d126755 |
||